<?xml version="1.0" encoding="UTF-8"?>
<record
    xmlns:xsi="http://www.w3.org/2001/XMLSchema-instance"
    xsi:schemaLocation="http://www.loc.gov/MARC21/slim http://www.loc.gov/standards/marcxml/schema/MARC21slim.xsd"
    xmlns="http://www.loc.gov/MARC21/slim">

  <leader>00599    a2200157   4500</leader>
  <datafield tag="020" ind1=" " ind2=" ">
    <subfield code="a">9780470054376</subfield>
  </datafield>
  <datafield tag="020" ind1=" " ind2=" ">
    <subfield code="a">9780470054376</subfield>
  </datafield>
  <datafield tag="040" ind1=" " ind2=" ">
    <subfield code="a">DLC</subfield>
    <subfield code="b">DLC</subfield>
  </datafield>
  <datafield tag="100" ind1="1" ind2=" ">
    <subfield code="a">Kilts, Steve,</subfield>
  </datafield>
  <datafield tag="245" ind1="1" ind2="0">
    <subfield code="a">Advanced FPGA design: architecture, implementation and optimization</subfield>
    <subfield code="b">architecture, implementation and optimization</subfield>
    <subfield code="c">Steve Kilts</subfield>
  </datafield>
  <datafield tag="246" ind1="3" ind2="0">
    <subfield code="a">Advanced field programmable gate array design.</subfield>
  </datafield>
  <datafield tag="260" ind1=" " ind2=" ">
    <subfield code="a">Hoboken, N.J. :</subfield>
    <subfield code="b">Wiley-Intersicence :</subfield>
    <subfield code="b">IEEE,</subfield>
    <subfield code="c">c2007.</subfield>
  </datafield>
  <datafield tag="300" ind1=" " ind2=" ">
    <subfield code="a">xv, 336 p. :</subfield>
    <subfield code="b">ill. ;</subfield>
    <subfield code="c">25 cm.</subfield>
  </datafield>
  <datafield tag="650" ind1=" " ind2="0">
    <subfield code="a">Field programmable gate arrays</subfield>
    <subfield code="x">Design and construction.</subfield>
  </datafield>
  <datafield tag="942" ind1=" " ind2=" ">
    <subfield code="c">BK</subfield>
    <subfield code="k">621.395 KIL</subfield>
    <subfield code="2">ddc</subfield>
  </datafield>
  <datafield tag="999" ind1=" " ind2=" ">
    <subfield code="c">9394</subfield>
    <subfield code="d">9394</subfield>
  </datafield>
  <datafield tag="952" ind1=" " ind2=" ">
    <subfield code="0">0</subfield>
    <subfield code="1">0</subfield>
    <subfield code="4">0</subfield>
    <subfield code="7">0</subfield>
    <subfield code="8">NFIC</subfield>
    <subfield code="a">CL</subfield>
    <subfield code="b">CL</subfield>
    <subfield code="c">GEN</subfield>
    <subfield code="d">2008-06-26</subfield>
    <subfield code="e">Allied Book Company</subfield>
    <subfield code="g">6714.24</subfield>
    <subfield code="l">2</subfield>
    <subfield code="o">621.395 KIL</subfield>
    <subfield code="p">SEECS009152</subfield>
    <subfield code="r">2024-06-06</subfield>
    <subfield code="s">2023-10-24</subfield>
    <subfield code="w">2017-01-05</subfield>
    <subfield code="y">BK</subfield>
  </datafield>
  <datafield tag="952" ind1=" " ind2=" ">
    <subfield code="0">0</subfield>
    <subfield code="1">0</subfield>
    <subfield code="4">0</subfield>
    <subfield code="7">0</subfield>
    <subfield code="8">NFIC</subfield>
    <subfield code="a">CL</subfield>
    <subfield code="b">CL</subfield>
    <subfield code="c">GEN</subfield>
    <subfield code="d">2009-10-16</subfield>
    <subfield code="e">Star Book</subfield>
    <subfield code="g">8188.33</subfield>
    <subfield code="l">0</subfield>
    <subfield code="o">621.395 KIL</subfield>
    <subfield code="p">SEECS009626</subfield>
    <subfield code="r">2012-11-14</subfield>
    <subfield code="w">2017-01-05</subfield>
    <subfield code="y">BK</subfield>
  </datafield>
  <datafield tag="952" ind1=" " ind2=" ">
    <subfield code="0">0</subfield>
    <subfield code="1">0</subfield>
    <subfield code="4">0</subfield>
    <subfield code="7">0</subfield>
    <subfield code="8">NFIC</subfield>
    <subfield code="a">CL</subfield>
    <subfield code="b">CL</subfield>
    <subfield code="c">GEN</subfield>
    <subfield code="d">2010-10-20</subfield>
    <subfield code="e">Progressive International Agencies</subfield>
    <subfield code="g">7640.14</subfield>
    <subfield code="l">1</subfield>
    <subfield code="o">621.395 KIL</subfield>
    <subfield code="p">SEECS010264</subfield>
    <subfield code="r">2023-10-17</subfield>
    <subfield code="s">2022-10-06</subfield>
    <subfield code="w">2017-01-05</subfield>
    <subfield code="y">BK</subfield>
  </datafield>
  <datafield tag="952" ind1=" " ind2=" ">
    <subfield code="0">0</subfield>
    <subfield code="1">0</subfield>
    <subfield code="4">0</subfield>
    <subfield code="7">0</subfield>
    <subfield code="8">NFIC</subfield>
    <subfield code="a">CL</subfield>
    <subfield code="b">CL</subfield>
    <subfield code="c">GEN</subfield>
    <subfield code="d">2010-10-20</subfield>
    <subfield code="e">Progressive International Agencies</subfield>
    <subfield code="g">7640.14</subfield>
    <subfield code="l">0</subfield>
    <subfield code="o">621.395 KIL</subfield>
    <subfield code="p">SEECS010263</subfield>
    <subfield code="r">2012-11-14</subfield>
    <subfield code="w">2017-01-05</subfield>
    <subfield code="y">BK</subfield>
  </datafield>
  <datafield tag="952" ind1=" " ind2=" ">
    <subfield code="0">0</subfield>
    <subfield code="1">0</subfield>
    <subfield code="4">0</subfield>
    <subfield code="7">0</subfield>
    <subfield code="8">NFIC</subfield>
    <subfield code="a">CL</subfield>
    <subfield code="b">CL</subfield>
    <subfield code="c">GEN</subfield>
    <subfield code="d">2010-10-20</subfield>
    <subfield code="e">Progressive International Agencies</subfield>
    <subfield code="g">7640.14</subfield>
    <subfield code="l">1</subfield>
    <subfield code="o">621.395 KIL</subfield>
    <subfield code="p">SEECS010262</subfield>
    <subfield code="r">2024-12-18</subfield>
    <subfield code="s">2024-03-24</subfield>
    <subfield code="w">2017-01-05</subfield>
    <subfield code="y">BK</subfield>
  </datafield>
  <datafield tag="952" ind1=" " ind2=" ">
    <subfield code="0">0</subfield>
    <subfield code="1">0</subfield>
    <subfield code="4">0</subfield>
    <subfield code="7">0</subfield>
    <subfield code="8">NFIC</subfield>
    <subfield code="a">CL</subfield>
    <subfield code="b">CL</subfield>
    <subfield code="c">GEN</subfield>
    <subfield code="d">2010-11-04</subfield>
    <subfield code="e">Progressive International Agencies</subfield>
    <subfield code="g">7623.85</subfield>
    <subfield code="l">1</subfield>
    <subfield code="o">621.395 KIL</subfield>
    <subfield code="p">SEECS010319</subfield>
    <subfield code="r">2014-01-22</subfield>
    <subfield code="s">2014-01-21</subfield>
    <subfield code="w">2017-01-05</subfield>
    <subfield code="y">BK</subfield>
  </datafield>
  <datafield tag="952" ind1=" " ind2=" ">
    <subfield code="0">0</subfield>
    <subfield code="1">0</subfield>
    <subfield code="4">0</subfield>
    <subfield code="7">0</subfield>
    <subfield code="8">NFIC</subfield>
    <subfield code="a">CL</subfield>
    <subfield code="b">CL</subfield>
    <subfield code="c">GEN</subfield>
    <subfield code="d">2010-11-04</subfield>
    <subfield code="e">Progressive International Agencies</subfield>
    <subfield code="g">7623.85</subfield>
    <subfield code="l">2</subfield>
    <subfield code="m">1</subfield>
    <subfield code="o">621.395 KIL</subfield>
    <subfield code="p">SEECS010315</subfield>
    <subfield code="q">2025-11-24</subfield>
    <subfield code="r">2025-09-15</subfield>
    <subfield code="s">2025-09-15</subfield>
    <subfield code="w">2017-01-05</subfield>
    <subfield code="y">BK</subfield>
  </datafield>
  <datafield tag="952" ind1=" " ind2=" ">
    <subfield code="0">0</subfield>
    <subfield code="1">0</subfield>
    <subfield code="4">0</subfield>
    <subfield code="7">0</subfield>
    <subfield code="8">NFIC</subfield>
    <subfield code="a">CL</subfield>
    <subfield code="b">CL</subfield>
    <subfield code="c">GEN</subfield>
    <subfield code="d">2010-11-04</subfield>
    <subfield code="e">Progressive International Agencies</subfield>
    <subfield code="g">7623.85</subfield>
    <subfield code="l">1</subfield>
    <subfield code="o">621.395 KIL</subfield>
    <subfield code="p">SEECS010316</subfield>
    <subfield code="r">2020-02-19</subfield>
    <subfield code="s">2018-10-03</subfield>
    <subfield code="w">2017-01-05</subfield>
    <subfield code="y">BK</subfield>
  </datafield>
  <datafield tag="952" ind1=" " ind2=" ">
    <subfield code="0">0</subfield>
    <subfield code="1">0</subfield>
    <subfield code="4">0</subfield>
    <subfield code="7">0</subfield>
    <subfield code="8">NFIC</subfield>
    <subfield code="a">CL</subfield>
    <subfield code="b">CL</subfield>
    <subfield code="c">GEN</subfield>
    <subfield code="d">2010-11-04</subfield>
    <subfield code="e">Progressive International Agencies</subfield>
    <subfield code="g">7623.85</subfield>
    <subfield code="l">1</subfield>
    <subfield code="m">4</subfield>
    <subfield code="o">621.395 KIL</subfield>
    <subfield code="p">SEECS010318</subfield>
    <subfield code="r">2026-01-27</subfield>
    <subfield code="s">2025-09-09</subfield>
    <subfield code="w">2017-01-05</subfield>
    <subfield code="y">BK</subfield>
  </datafield>
</record>
